000 08245nam a22006137a 4500
005 2012020906006.0
010 _aB-473365-394
020 _c50.00
_a9788185586632
035 _aB-473365-394
037 _bब्लूबेरी बुक्स
082 _a
100 _aमहाश्वेता देवी
_950763
245 _aअर्जुन /
_cमहाश्वेता देवी;डी. शर्म द्वारा चित्रांकित
250 _a6वां संस्क
260 _aनई दिल्ली
_bकथा
_c2010
270 _aए-3 सर्वोदय एनक्लेव, श्री औरोबिन्दो मार्ग
_bनई दिल्ली
_e110017
300 _a20.पृ.
_bसचित्र
_c22सेमी (अजिल्द)
500 _aमूल बंगला भाषा से अनूदित व रूपांतरित
700 _aशर्मा, डी.
_941293
700 _941305
942 _2ddc
_cCH
_h
_mमहाश्वे
999 _c62376
_d62376